| 000 | 00403cam a22001217a 4500 | ||
|---|---|---|---|
| 008 | 180718b1988 xxu||||| |||| 00| 0 eng d | ||
| 082 | _aA81x54 In2/81/1/Pt 5 A & B/6 | ||
| 100 | _aCensus of India 1981 | ||
| 245 | _aIndia: migration tables (tables D-4 to D-8) | ||
| 260 |
_aDelhi _bController of Publications _c1988 |
||
| 300 | _a1327p. | ||
| 440 | _aCensus of India 1981. Series-1, India. Part-V A & B (vi) | ||
| 999 |
_c481853 _d481853 |
||